000 00366nam a2200157Ia 4500
008 160316s2000 xxu||||| |||| 00| 0 eng d
082 _a333.781000
_bHIN
100 _a
245 _aPanther on prowl trapped, shifted to forest
250 _a
260 _a
_bHindu
_c2000
300 _a1
_b
_c
365 _b
650 _a1. Tiger - National park
700 _a
_a
999 _c41111
_d41111